[Event "Belfort Comtois 4th"]
[Site "Belfort"]
[Date "1999.12.19"]
[Round "7"]
[White "Bologan, Viktor"]
[Black "Gurevich, Mikhail"]
[Result "1/2-1/2"]
[WhiteElo "2620"]
[BlackElo "2643"]
[Annotator "Finkel,A"]
[PlyCount "59"]
[EventDate "1999.12.13"]
[EventType "tourn"]
[EventRounds "6"]
[EventCountry "FRA"]
[EventCategory "15"]
[SourceTitle "CBM 075"]
[Source "ChessBase"]
[SourceDate "2000.04.05"]
[SourceVersion "1"]
[SourceVersionDate "2000.04.05"]
[SourceQuality "1"]

1. e4 e6 2. d4 d5 3. Nc3 Nf6 4. Bg5 dxe4 5. Nxe4 Be7 6. Bxf6 Bxf6 7. Nf3 O-O 8.
Bc4 Nc6 (8... Nd7 9. Qe2 (9. O-O c5 10. c3 cxd4 11. Nxf6+ Nxf6 12. Nxd4 Qc7 13.
Bb3 Bd7 {1/2-1/2 Short,N-Kortschnoj,V/EUCup f 1988}) 9... Be7 $5 $146 (9... Nb6
10. Bb3 Bd7 11. O-O Bc6 12. Nxf6+ gxf6 $6 13. Rad1 Kh8 14. c4 $14 {
Spassky-Czerniak/Goteborg/1971}) (9... c6 10. O-O b6 11. Rad1 Qc7 12. Nxf6+
Nxf6 13. Qe5 Qe7 14. c3 Bb7 15. Rfe1 $14 {Fischer-Pachman/Leipzig ol/1960}) 10.
O-O (10. O-O-O $13) 10... c5 $1 11. d5 $6 (11. Rfd1 $13) 11... exd5 12. Bxd5
Nb6 $15 {Smirin,I-Lputian,S/Wijk op 1993}) 9. c3 {The idea of this variation
is to use the fact that black bishops are out of play and white has some
advantage in development.} (9. Nxf6+ Qxf6 10. O-O e5 11. Nxe5 Nxe5 12. dxe5
Qxe5 13. c3 $11 {1/2-1/2 Balashov,Y-Dreev,A/RUS-ch 1995}) 9... e5 10. d5 Nb8
11. Qe2 ({Deserves attention} 11. d6 $5 Bf5 12. Qd5 Nd7 13. Qxb7 Bxe4 14. Qxe4
Nc5 15. Qd5 $14 {with better chanses for white; Groszpeter,A-Dizdar,G/AUT-chT
qual 1997}) 11... Bf5 12. Ng3 Bg6 13. O-O-O Nd7 14. h4 $6 {Now we can say that
this move is inaccuracy because of strong reply of black,after which the game
ends up a draw almost by force.The correct way to play showed P.Leko in his
game against Halifman.} e4 $1 {Typical sacrifice for this kind of positions.}
15. Nxe4 Re8 16. Nxf6+ (16. Nfd2 $5 Bxh4 (16... Nb6 $6 17. h5 Bxe4 (17... Bf5
18. g4) 18. Nxe4 Bg5+ 19. Kb1 f5 20. d6+ Kh8 21. Nxg5 Rxe2 22. Nf7+ Kg8 23.
Nxd8+ Nxc4 24. dxc7 $16) 17. Qg4 Ne5 18. Qxh4 Qxh4 19. Rxh4 Nxc4 20. Nf6+ gxf6
21. Rxc4 Re7 $11) (16. Bd3 $2 Nc5 17. Nfd2 Qxd5 18. Bc4 Rxe4 19. Nxe4 Qxe4 20.
Qxe4 Nxe4 $19) 16... Qxf6 17. Qd2 Nb6 {[%csl Rd5]} 18. Bb3 (18. Bd3 Rad8 19.
Rhe1 Rxe1 20. Rxe1 Nxd5 21. Bxg6 hxg6 22. Qd4 $11) 18... Qf5 19. Bc2 Qxc2+ 20.
Qxc2 Bxc2 21. Kxc2 Rad8 {[%csl Rd5] White can't protect the pawn on d5 and
black regains the material balace.} 22. Rhe1 (22. d6 Re2+ 23. Rd2 Rxd2+ 24.
Nxd2 Rxd6 $11) 22... Rxe1 23. Rxe1 Kf8 $1 $11 24. a4 Rxd5 25. b3 Nd7 26. Nd4 a6
27. Re2 Nf6 28. b4 c5 29. Nb3 cxb4 30. cxb4 1/2-1/2

[Event "EU-Cup 18th"]
[Site "Kallithea"]
[Date "2002.09.28"]
[Round "7.2"]
[White "Shirov, Alexei"]
[Black "Akopian, Vladimir Eduardovic"]
[Result "1-0"]
[WhiteElo "2697"]
[BlackElo "2678"]
[Annotator "Finkel,A"]
[PlyCount "45"]
[EventDate "2002.09.22"]
[EventType "team-swiss"]
[EventRounds "7"]
[EventCountry "GRE"]
[SourceTitle "CBM 092"]
[Source "ChessBase"]
[SourceDate "2003.02.06"]
[SourceVersion "1"]
[SourceVersionDate "2003.02.06"]
[SourceQuality "1"]
[WhiteTeam "Sarajevo Bosna"]
[BlackTeam "Kazan Ladya"]
[WhiteTeamCountry "BIH"]
[BlackTeamCountry "RUS"]

1. e4 e6 2. d4 d5 3. Nc3 Nf6 4. Bg5 dxe4 5. Nxe4 Be7 6. Bxf6 Bxf6 7. Nf3 O-O 8.
Bc4 Nc6 {This variation has become during the last year the scene for many
interesting battles on the highest level.} (8... Nd7 9. Qe2 (9. O-O c5 10. c3
cxd4 11. Nxf6+ Nxf6 12. Nxd4 Qc7 13. Bb3 Bd7 {1/2-1/2 Short,N-Kortschnoj,V/
EUCup f 1988}) 9... Be7 $5 $146 (9... Nb6 10. Bb3 Bd7 11. O-O Bc6 12. Nxf6+
gxf6 $6 13. Rad1 Kh8 14. c4 $14 {Spassky-Czerniak/Goteborg/1971}) (9... c6 10.
O-O b6 11. Rad1 Qc7 12. Nxf6+ Nxf6 13. Qe5 Qe7 14. c3 Bb7 15. Rfe1 $14 {
Fischer-Pachman/Leipzig ol/1960}) 10. O-O (10. O-O-O $13) 10... c5 $1 11. d5 $6
exd5 12. Bxd5 Nb6 $15 {Smirin,I-Lputian,S/Wijk op 1993}) 9. c3 (9. Nxf6+ Qxf6
10. O-O e5 11. Nxe5 Nxe5 12. dxe5 Qxe5 13. c3 {1/2-1/2 Balashov,Y-Dreev,A/
RUS-ch 1995}) 9... e5 10. d5 Ne7 (10... Nb8 11. Qe2 (11. d6 $5 Bf5 12. Qd5 Nd7
13. Qxb7 Bxe4 14. Qxe4 Nc5 15. Qd5 cxd6 16. O-O $14 {Groszpeter,A-Dizdar,G/
AUT-chT qual 1997}) (11. O-O Bg4 12. h3 Bxf3 13. Qxf3 Be7 14. Bb5 a6 15. Ba4
Nd7 16. Rad1 $13 {Ivanchuk,V-Ehlvest,J/Reggio Emilia 1989/EXT 97}) 11... Bf5
12. Bd3 $5 (12. Ng3 Bg4 $5 13. h3 Bxf3 14. Qxf3 Nd7 15. Ne4 (15. O-O-O $5 Be7
16. Nf5 Bd6 17. g4 $14) 15... Be7 16. O-O-O Bd6 17. g4 $14 {Leko,P-Shirov,A/
Fujitsu Siemens Giants 2000}) (12. O-O Nd7 13. Rad1 Bxe4 14. Qxe4 Nc5 15. Qe3
Qd6 16. Rfe1 $14 {Hernandez,G-Shirov,A/Merida 2000}) (12. O-O-O Nd7 13. Ng3 Bg6
14. Bd3 $1 (14. h4 e4 15. Nxe4 Re8 16. Nxf6+ Qxf6 17. Qd2 Nb6 $44 {Bologan,
V-Gurevich,M/Festival comtois 4th 1999}) 14... Bxd3 (14... Nc5 15. Bxg6 hxg6
16. h4 Re8 17. Ne4 Nxe4 18. Qxe4 Qd7 19. g4 $16) 15. Qxd3 Nc5 16. Qe3 b6 17. h4
Re8 {[%cal Ge5e4]} 18. Ne4 $1 Nxe4 19. Qxe4 $14 {[%cal Gg2g5,Gh4h5] Leko,
P-Khalifman,A/Khalifman-Leko Match 2000}) 12... Bxe4 (12... Nd7 13. O-O-O Rb8
14. d6 $5 (14. Rhg1 $5) 14... cxd6 15. Nxd6 Bxd3 16. Rxd3 $14) (12... Be7 {}
13. Nf6+ Bxf6 14. Bxf5 c6 15. O-O-O cxd5 16. Be4 $14) 13. Bxe4 Nd7 14. O-O-O
Be7 15. g4 Bd6 $6 16. Kb1 $14 {Short,N-Gurevich,M/Shenyang 2000/CBM 79}) (10...
Na5 $5 11. Bd3 b6 12. h4 g6 13. h5 Bg4 14. Qa4 Bg7 15. hxg6 hxg6 $13 {Baklan,
V-Goloshchapov,A/Ordzhonikidze zt 1.9 2000}) 11. Nxf6+ gxf6 12. Nh4 {[%cal
Gd1h5]} (12. Qd2 Kh8 13. O-O-O Bg4 14. Be2 Qd6 15. Nh4 Rg8 16. g3 Rad8 17. Bxg4
Rxg4 18. Qe2 $14 {Anand,V-Shirov,A/Sydney 2000/CBM 78}) 12... Ng6 13. Qh5 (13.
g3 $5 b5 (13... Nxh4 14. gxh4 Kh8 15. Rg1 Rg8 16. Rg3 $14) 14. Bb3 a5 15. Qd2
f5 16. O-O-O Ra6 17. Ng2 a4 18. Bc2 a3 19. b4 $14 {Bezgodov,A-Akopian,V/Ohrid
2001}) 13... Qd7 {Black didn't manage to equalize also after} (13... Kh8 $5 14.
O-O-O (14. Bd3 $5 f5 15. Bxf5 Bxf5 16. Nxf5 Nf4 17. Qf3 Qxd5 18. Qxd5 Nxd5 19.
O-O-O Rad8 20. Rd2 $14) 14... f5 15. Nf3 Nf4 16. Qh6 Qd6 17. Qxd6 cxd6 18. g3
$14 {Bologan,V-Kacheishvili,G/Ohrid 2001}) 14. h3 Qa4 $6 (14... Nxh4 {} 15.
Qxh4 Qf5 16. O-O-O Bd7 17. f4 Qxf4+ 18. Qxf4 exf4 19. Rhf1 $14 {Short,
N-Gurevich,M/England 2000/CBM 75}) 15. b3 Qa5 16. O-O $1 {White doesn't have
much choice here, but this pawn sacrifice gives white very strong initiative.}
Qxc3 (16... Nf4 $1 17. Qh6 (17. Qf3 Kh8 18. Kh1 Qb6 19. Rfe1 $14) 17... b5 18.
b4 Qb6 19. Bb3 f5 $14 20. Qxb6 axb6 21. Nf3 Bb7 $14) 17. d6 $1 {[%csl Rg6]
[%cal Gc4g8]} Kg7 ({Another possibility was} 17... Nf4 $5 18. Qh6 Qd2 {[%cal
Gf4h3,Gd2d6]} 19. Qxf6 (19. Kh1 Qxd6 20. Rad1 Qc6 21. Rc1 Qb6 22. Rc3 Be6 23.
Rg3+ Ng6 24. Nxg6 fxg6 25. Rxg6+ hxg6 26. Qxg6+ $11) 19... Qxd6 20. Qg5+ Kh8
21. Rad1 Rg8 (21... f6 22. Qh6 Qe7 23. g3 Nxh3+ 24. Kh2 $16 {[%cal Gh4g6]}) 22.
Qxg8+ Kxg8 23. Rxd6 cxd6 24. Rd1 $14 {[%csl Rd6]}) (17... cxd6 $2 18. Nxg6 hxg6
19. Qxg6+ Kh8 20. Qxf6+ $18) 18. dxc7 $16 {[%csl Gc7] White pawn on c7 is just
too strong for black to handle.} Qd4 19. g3 Qd7 (19... Nxh4 $5 20. Rfd1 Qc5 21.
Qxh4 Qxc7 22. Rac1 (22. Bd3 Rh8 23. Rac1 $36) 22... Qe7 23. Bd3 $36) 20. Rac1
Qxh3 21. Bd3 $1 {[%cal Gd3f5]} Qe6 (21... Bg4 22. Nf5+ Bxf5 23. Qxf5 Qxf5 24.
Bxf5 Ne7 25. Be4 $18) 22. Be4 Qb6 23. Rfd1 $18 1-0

[Event "EU-Cup 18th"]
[Site "Kallithea"]
[Date "2002.09.28"]
[Round "7.1"]
[White "Kovacevic, Aleksandar"]
[Black "Sakaev, Konstantin"]
[Result "1/2-1/2"]
[WhiteElo "2551"]
[BlackElo "2647"]
[Annotator "Finkel,A"]
[PlyCount "55"]
[EventDate "2002.09.22"]
[EventType "team-swiss"]
[EventRounds "7"]
[EventCountry "GRE"]
[SourceTitle "CBM 092"]
[Source "ChessBase"]
[SourceDate "2003.02.06"]
[SourceVersion "1"]
[SourceVersionDate "2003.02.06"]
[SourceQuality "1"]
[WhiteTeam "Novi Sad"]
[BlackTeam "St Petersburg"]
[WhiteTeamCountry "YUG"]
[BlackTeamCountry "RUS"]

1. e4 e6 2. d4 d5 3. Nc3 Nf6 4. Bg5 dxe4 5. Nxe4 Be7 6. Bxf6 Bxf6 7. Nf3 O-O 8.
Qd2 Be7 9. Bd3 (9. Bc4 $5 b6 10. O-O-O Bb7 11. Rhe1 Nc6 12. Qe2 Nb4 13. Ne5 $14
{Kindermann,S-Lautier,J/Baden-Baden 1992}) (9. O-O-O Nd7 10. Bc4 a6 11. Bb3 c6
12. Qf4 b5 13. h4 Ra7 14. Neg5 Nf6 15. c3 Qc7 16. Ne5 c5 17. Bc2 $36 {
Khalifman,A-Bareev,E/Belgrade 1993}) 9... Nd7 (9... b6 10. Neg5 $1 h6 11. Bh7+
Kh8 12. Be4 $14 {Gelfand,B-Bareev,E/Linares 1992}) 10. O-O-O c5 $6 {This move
seems to be quite risky, that's why I think that it's better for black to play
10...b6 instead, as he was doing in many games played beofre this one.} (10...
b6 11. c3 (11. h4 Bb7 12. Nfg5 (12. Kb1 Nf6 13. Nxf6+ Bxf6 14. Qe2 Qe7 15. Ng5
h6 16. f4 c5 17. dxc5 bxc5 $15 {Suetin,A-Bareev,E/Hastings 1991}) 12... h6 13.
f4 (13. Kb1 Nf6 14. Nxf6+ Bxf6 15. f4 Qxd4 16. Bh7+ Kh8 17. Qxd4 Bxd4 18. Rxd4
hxg5 19. hxg5 $11 {Kosten,A-Bareev,E/Hastings 1990}) 13... c5 $2 14. dxc5 bxc5
15. Nd6 $1 Bxd6 16. Bh7+ Kh8 17. Qxd6 $18 {Al Modiahki,M-Prakash,G/Calcutta
1996}) 11... Bb7 12. h4 Nf6 13. Neg5 c5 14. Qc2 g6 15. h5 Bxf3 16. Nxf3 Nxh5
17. Be4 Rb8 $15 {Donguines,F-Prakash,G/Calcutta 1996}) 11. Nxc5 $1 {Concrete
approach to the position.} (11. Kb1 $5) 11... Nxc5 12. dxc5 Qd5 (12... Bxc5 $2
13. Bxh7+ Kxh7 14. Qxd8 Rxd8 15. Rxd8 $18) 13. Kb1 Qxc5 14. h4 $1 {[%csl Gg5]
[%cal Gf3g5] Very strong move securing square g5 for the knight.} Qb6 {[%csl
Rc8]} (14... b5 $2 15. Ng5 $1 h6 16. Bh7+ Kh8 17. Be4 Rb8 18. Qf4 $1 {[%csl
Rb8,Rf7]} Rb6 19. Nxf7+ Kg8 20. Nxh6+ gxh6 21. Qg4+ Kh8 22. Qg6 $18) 15. c3 a5
16. Qc2 $1 {Forcing black to weaken the kingside.} (16. Ne5 $5 f6 17. Nc4 Qc7
18. Ne3 b6 $13 19. Qc2 f5 20. g4 $36 {[%csl Rh7]}) 16... f5 (16... h6 17. g4 $1
{[%cal Gg4g5]}) 17. Bc4 a4 18. Nd4 Kh8 19. Rhe1 $5 {White keeps an advnatage
after a move in the game, but even better was} (19. Rde1 $1 {not giving up a
pawn on h4} Rf6 20. Re2 $1 Bc5 21. Rd1 $16) 19... Bxh4 $1 20. Bxe6 a3 21. b3 g6
$1 22. Bc4 (22. Qd2 $1 {[%cal Gd2h6]} Bf6 23. Qh6 Bg7 24. Qh4 $36 {[%csl Rh7]
[%cal Ge1h1]}) 22... Bf6 23. Nb5 Qc5 24. Rd5 (24. Nd6 b6 25. b4 $1 Qc7 26. Qd3
$1 $36 {[%cal Gd6e8]} Rb8) 24... Qc6 25. Rd6 $6 (25. Qd2 $5 f4 26. Nd6 Bd7 27.
Rd3 $5 {[%cal Gc4b5,Gd6f7]} Qc7 28. Rh1 $14 {[%csl Rf4,Rh8]}) 25... Qc5 26. Rd5
Qc6 27. Rd6 Qc5 28. Rd5 1/2-1/2

[Event "Pamplona"]
[Site "Pamplona"]
[Date "2000.01.03"]
[Round "7"]
[White "De la Villa Garcia, Jesus Maria"]
[Black "Short, Nigel D"]
[Result "1/2-1/2"]
[WhiteElo "2473"]
[BlackElo "2675"]
[Annotator "Finkel,A"]
[PlyCount "56"]
[EventDate "1999.12.27"]
[EventType "tourn"]
[EventRounds "9"]
[EventCountry "ESP"]
[EventCategory "15"]
[SourceTitle "CBM 075"]
[Source "ChessBase"]
[SourceDate "2000.04.05"]
[SourceVersion "1"]
[SourceVersionDate "2000.04.05"]
[SourceQuality "1"]

1. e4 e6 2. d4 d5 3. Nc3 Nf6 4. Bg5 dxe4 5. Nxe4 Be7 6. Bxf6 gxf6 7. Nf3 a6 $5
(7... Nd7 8. Qd2 $6 f5 9. Ng3 h5 $5 10. h4 Bd6 11. Rh3 c6 12. Ng5 Nf6 13. Bc4
Nd5 $15 {Euwe,M-Balla,Z/Bad Pistyan 1922/1/2-1/2 (50)}) (7... c6 $6 8. Qd2 f5
9. Ng3 b6 10. Bc4 Nd7 11. O-O-O Bb7 12. Rhe1 Nf6 13. Kb1 Qc7 14. Ne5 $16 {
Kozma,J-Fichtl,J/CSR-ch Prague 1953 (37)}) (7... Qd5 $6 8. Bd3 Nd7 9. O-O Nf8
10. c4 Qh5 11. Qd2 Rg8 12. Ng3 Qg4 13. Rfe1 Bd7 14. Be4 $36 {Aronson,L-Khanov,
K/URS-ch sf 1957/1-0 (49)}) (7... f5 8. Nc3 Bf6 9. Bc4 (9. Qd2 c5 10. d5 (10.
Bb5+ Bd7 11. dxc5 a6 12. Bxd7+ Nxd7 13. O-O-O Qc7 14. Qd6 Rc8 15. Nd5 Qxc5 $11
{Sax,G-Lautier,J/Clermont Ferrand 1989}) 10... exd5 11. Qe3+ Be6 12. Qxc5 Nd7
13. Bb5 Rc8 14. Qe3 O-O $13 {Arnason,J-Bjarnason,S/Reykjavik 1989}) 9... Nc6
10. Ne2 O-O 11. c3 b6 12. Nf4 Bb7 13. Qe2 Ne7 14. Nh5 $36 {1/2-1/2 Marjanovic,
S-Bareev,E/Tirnavia 1989}) 8. g3 ({The most ambitious way to play is} 8. c4 $5
f5 9. Nc3 c5 10. d5 Bf6 11. Qc2 e5 12. O-O-O O-O 13. Nd2 Bg7 14. f3 $14 {
with extremly complicated position; Wang Zili-Dreev,A/5th Tan Chin Nam Cup 1999
}) (8. Qd2 b5 9. Qh6 $6 Bb7 10. Bd3 Nd7 11. Ng3 f5 12. Nh5 Bf8 13. Qe3 Nf6 $15
{Sutovskij,E-Morozevich,A/Torneo de Pamplona 9th 1998}) (8. Bd3 Nd7 9. Qe2 c5
10. dxc5 Qa5+ 11. Qd2 Qxd2+ 12. Nfxd2 Nxc5 13. Nxc5 Bxc5 $11 {Cohn,E-Swiderski,
R/Wien 1908 (62)}) 8... f5 $5 (8... b5 9. Bg2 Bb7 10. Qe2 Bd5 11. Nc3 c6 12.
O-O-O Nd7 13. Kb1 Nb6 14. Rhe1 $14 {Leko,P-Morozevich,A/Frankfurt-West Masters
1999}) 9. Nc3 Bf6 ({White got better position after} 9... b5 10. Bg2 Bb7 11.
O-O Qd6 12. Ne5 Bxg2 13. Kxg2 O-O 14. Qf3 Ra7 15. Rad1 $14 {Timoshenko,G-Lupu,
M/Bucharest ENE 1993 (15)}) 10. Qd2 (10. Qd3 $5) 10... c5 11. d5 O-O 12. O-O-O
b5 13. dxe6 $6 {White is playing for a draw and finally manages to make it,but
deserved attention} (13. Qe3 Qa5 14. Kb1 $5 (14. Qxc5 $6 Bb7 $1 (14... Nd7 $6
15. Qc6 Nb6 (15... b4 $2 16. Na4) 16. Nd4 $1 {[%cal Gd4b3]} Bd7 17. Qd6 $16 {
[%csl Ra5]}) 15. Nd4 $5 Rc8 16. Qd6 Rxc3 $1 17. bxc3 Qxc3 (17... Bxd5 18. Nxe6
$1 Bxe6 19. Bg2 Qxc3 20. Bxa8 Qb2+ 21. Kd2 Qc3+ $13) 18. Nxe6 fxe6 19. Qxe6+
Kg7 20. Qxf5 $13) 14... Rd8 $5 $132 (14... Bxc3 $2 15. bxc3 $1 $16 {[%csl Rg8]
[%cal Ge3g5]} (15. Qxc3 $2 Qxc3 16. bxc3 Bb7 17. c4 Nd7 18. Bg2 Nb6 $36)))
13... Qxd2+ 14. Nxd2 fxe6 15. Bg2 Ra7 16. Rhe1 $11 (16. f4 $5 Rc7 $1 {[%cal
Gb8c6,Gc6d4]} (16... Bb7 17. Bxb7 Rxb7 18. Rhe1 Kf7 19. Nf3 $14 {[%cal Gd1d6]})
(16... Bxc3 $6 17. bxc3 Bb7 18. Bxb7 Rxb7 19. Nf3 $16) 17. Rhe1 Nc6 18. Nf3 Rd8
$11) 16... Rd8 17. Nb3 $5 {For some reason white doesn't want to play f4!} (17.
f4 {[%cal Gd2f3]}) 17... Rxd1+ 18. Nxd1 Rc7 19. c3 $5 Kf7 20. Ne3 {[%cal Gf2f4,
Gg3g4]} Nd7 21. f4 c4 ({Also after} 21... Bb7 22. Bxb7 Rxb7 23. Rd1 Ke7 24. Nd2
Rb8 25. Nf3 Rd8 26. h3 $11 {the draw is not far away.}) 22. Nd4 Nc5 23. Kc2 Bd7
(23... Bb7 24. Bxb7 Rxb7 25. Nf3 Rd7 26. Rd1 Rxd1 27. Kxd1 $11) 24. g4 Nd3 25.
Rf1 Bxd4 26. cxd4 Rc8 27. a3 a5 28. b3 fxg4 1/2-1/2

[Event "Pamplona"]
[Site "Pamplona"]
[Date "1999.12.27"]
[Round "1"]
[White "Polgar, Judit"]
[Black "Short, Nigel D"]
[Result "1/2-1/2"]
[WhiteElo "2671"]
[BlackElo "2675"]
[Annotator "Finkel,A"]
[PlyCount "92"]
[EventDate "1999.12.27"]
[EventType "tourn"]
[EventRounds "9"]
[EventCountry "ESP"]
[EventCategory "15"]
[SourceTitle "CBM 075"]
[Source "ChessBase"]
[SourceDate "2000.04.05"]
[SourceVersion "1"]
[SourceVersionDate "2000.04.05"]
[SourceQuality "1"]

1. e4 e6 2. d4 d5 3. Nc3 Nf6 4. Bg5 dxe4 5. Nxe4 Be7 6. Bxf6 gxf6 7. Nf3 Nd7 $5
{This move seems to quiet risky,but it's not so clear how white may take
advantage of it.} 8. Qd2 c5 (8... b6 9. d5 (9. Bb5 $5 Bb7 10. Qf4 c6 11. Bd3
Qb8 12. Qh6 Qc7 13. Qg7 Rf8 14. Qg3 O-O-O $15 {Royset,J-Djurhuus,R/NOR-chT 1997
}) 9... f5 $1 10. dxe6 fxe4 11. exf7+ Kxf7 12. Qd5+ Kg7 13. Qxa8 Nc5 14. Rd1
Bd6 $44 {Stisis,Y-Zifroni,D/ISR-chT 1996}) (8... Nf8 9. O-O-O c6 10. Bc4 h5 11.
h4 Qc7 12. Rhe1 Bd7 13. Nc5 $14 {1/2-1/2 Benjamin,J-Seirawan,Y/USA-ch m 1991})
(8... f5 9. Nc3 Nf6 10. O-O-O c6 11. Ne5 Bd7 12. Be2 b5 13. Bf3 Rc8 14. Kb1 $14
{Walti,R-Gast,J/SWZ-chT9697}) 9. O-O-O cxd4 (9... f5 10. Ng3 Nf6 11. Ne5 a6 12.
Qh6 Qc7 13. Bc4 $36 {[%cal Gg3f5] Sievers,S-Ellers,H/BL9596}) 10. Qxd4 Qb6 11.
Qa4 $5 (11. g3 $6 Qxd4 12. Nxd4 a6 $132 {[%cal Gf6f5,Gd7c5,Gc8d7]}) ({White
could get symbolical advantage after} 11. Nd6+ $5 Bxd6 12. Qxd6 Qxd6 13. Rxd6
Ke7 14. Rd4 b6 15. g3 Bb7 16. Bg2 Ne5 17. Ne1 $14 {,but the draw seems to be
the most likely result.}) 11... a6 12. Be2 Qc7 13. Qd4 ({Deserved attention} 
13. g3 $5 f5 (13... Rb8 $5) 14. Qd4 O-O (14... e5 $2 15. Nd6+ Bxd6 16. Qxd6
Qxd6 17. Rxd6 Ke7 18. Rhd1 $16) 15. Neg5 Nf6 16. Qh4 $14 {keeping the queen on
the board.}) 13... b5 14. Nd6+ {Otherwise black is just o'kay.} Bxd6 15. Qxd6
Qxd6 16. Rxd6 Bb7 17. Rhd1 Nc5 18. Ne1 $5 f5 (18... Bd5 $6 19. Bf3 $1) ({
Doesn't work} 18... Ne4 $6 19. Rb6 Bd5 20. Rxa6 $1 Rxa6 21. Bxb5+ Rc6 22. Rxd5
exd5 23. Bxc6+ Ke7 24. Bxd5 $16 {and white has big advantage,if not the
decisive one.}) 19. Nd3 $5 ({Another option was} 19. b4 {[%csl Rc3]} Ne4 20.
Rb6 Bd5 21. Rxa6 Nc3 $1 22. Rxa8+ (22. Bxb5+ Nxb5 23. Rxd5 Rxa6 24. Rxb5 Kd7
$15) 22... Bxa8 23. Rd2 Nxa2+ 24. Kb2 Nxb4 25. Bxb5+ Ke7 26. c4 $14 {,but it
seems that black should hold this endgame without problems.}) (19. Bf3 Bxf3 (
19... Ne4 $6 20. Rb6 Bd5 21. Nd3 $36 {[%csl Ra6][%cal Gd3b4]}) 20. Nxf3 Ne4 21.
Rb6 Nxf2 22. Rdd6 Rg8 23. g3 $13) 19... Nxd3+ (19... Ne4 $2 20. Rb6 Bd5 21. f3
Nf6 22. Nb4 $16) 20. R1xd3 Bxg2 21. Ra3 {[%csl Ra6]} Bb7 22. Rb6 O-O-O $8 (
22... Bc8 23. Bxb5+ Kd8 24. Be2 Rg8 25. Rg3 Rxg3 26. hxg3 Kc7 27. Rb4 $16 {
[%csl Rh7][%cal Gc2c5,Gb4h4,Gb2b4]}) 23. Rc3+ Kb8 24. Bf3 Rd7 25. Rd3 Rc7 (
25... Rhd8 $2 26. Rxb7+ Rxb7 27. Rxd8+ $18) 26. Bxb7 Rxb7 27. Rxa6 $14 {
Thais position is arising by force after 19.Nd3.White still keeps slightly
better chanses,but with accurate play black manages to equalize.} (27. Rxb7+ $6
Kxb7 28. Rd7+ Kc6 29. Rxf7 Kd5 30. Kd2 Ke4 31. Ke2 Rc8 32. c3 b4 $1 $11) 27...
Rg8 28. Rg3 Rg4 29. b3 h5 {[%cal Gh5h4]} 30. a4 bxa4 31. Rxa4 Kc7 32. f4 ({
Nothing promises} 32. Kd2 $5 Rxa4 33. bxa4 Ra7 34. Ra3 Kb6 35. Kd3 Kc5 $11)
32... Kd6 33. Kd2 h4 34. Rxg4 (34. Rd3+ Ke7 35. h3 Rg2+ 36. Kd1 f6 $132) 34...
fxg4 35. Ke3 f5 36. b4 Rc7 37. Kd3 g3 38. hxg3 hxg3 39. c4 g2 40. Ra6+ Rc6 41.
Ra1 e5 $8 {Creating counterplay sufficient for a draw.} 42. Rg1 Ra6 $1 $11 43.
Rxg2 (43. fxe5+ Kxe5 44. Rxg2 Ra3+ 45. Ke2 Rb3 $11) 43... Ra3+ 44. Ke2 exf4 45.
Rg8 Rb3 46. c5+ (46. Rb8 f3+ 47. Kf2 Ke5 48. Kg3 Ke4 49. Re8+ Kd4 $11) 46...
Kc7 1/2-1/2